[Event "AUTO-ADV-4258"]
[Site "http://www.queenalice.com/game.php?id=1589087"]
[Date "2019.11.4"]
[Round "1"]
[White "Peppone"]
[Black "proficioadilson"]
[Result "0-1"]
[WhiteElo "1947"]
[BlackElo "2113"]

1. e4 c5 2. Nf3 e6 3. d4 cxd4 4. Nxd4 Nc6 5. Nc3 Nf6 6. Bg5 h6 7. Bh4 Bb4 8. Bd3
Nxd4 9. O-O Bxc3 10. bxc3 Nc6 11. Re1 d6 12. Qf3 O-O 13. Bxf6 Qxf6 14. Qxf6 gxf6
15. Rab1 b6 16. Bb5 Bb7 17. f3 Na5 18. Red1 Rfd8 19. Rd2 Rac8 20. Rd3 Rc5 0-1

[Event "AUTO-MASTER-2890"]
[Site "http://www.queenalice.com/game.php?id=1589470"]
[Date "2019.11.8"]
[Round "1"]
[White "rmvwoods"]
[Black "proficioadilson"]
[Result "0-1"]
[WhiteElo "2087"]
[BlackElo "2031"]

1. d4 Nf6 2. c4 e6 3. Nf3 d5 4. Bg5 dxc4 5. e4 b5 6. e5 h6 7. Bh4 g5 8. exf6
gxh4 9. Nxh4 Bb7 10. Qg4 Qxf6 11. Nc3 Nc6 12. O-O-O h5 13. Qh3 Nxd4 14. Be2 b4
15. Bxc4 O-O-O 16. Na4 Qxf2 17. Bd3 Ne2+ 18. Bxe2 Rxd1+ 19. Kxd1 Bh6 0-1

[Event "AUTO-MASTER-2890"]
[Site "http://www.queenalice.com/game.php?id=1589471"]
[Date "2019.11.8"]
[Round "1"]
[White "proficioadilson"]
[Black "rmvwoods"]
[Result "1-0"]
[WhiteElo "2049"]
[BlackElo "2069"]

1. d4 d5 2. c4 e6 3. Nc3 Nf6 4. cxd5 exd5 5. Bg5 Be7 6. e3 O-O 7. Qc2 h6 8. Bh4
Be6 9. Nf3 Nbd7 10. Bd3 c6 11. h3 Nh5 12. Bxe7 Qxe7 13. O-O Nhf6 14. Rac1 c5 15.
Ne5 c4 16. Be2 a6 17. a3 Nxe5 18. dxe5 Nd7 19. f4 f5 20. Rcd1 Qc5 21. Nxd5 Bxd5
22. Rxd5 Qxe3+ 23. Kh2 Rad8 24. Qd1 Qe4 25. Rd4 Qc6 26. Bxc4+ Kh8 27. e6 Rfe8
28. Rxd7 Rxd7 29. Qxd7 Qxd7 30. exd7 Rd8 31. Be6 1-0

[Event "AUTO-MASTER-2890"]
[Site "http://www.queenalice.com/game.php?id=1589482"]
[Date "2019.11.8"]
[Round "1"]
[White "cerenzo72"]
[Black "proficioadilson"]
[Result "0-1"]
[WhiteElo "2183"]
[BlackElo "2008"]

1. b3 e5 2. Bb2 d6 3. e4 Nf6 4. Nc3 Nc6 5. Bb5 Bd7 6. Nf3 g6 7. d4 exd4 8. Nxd4
Bg7 9. Nxc6 bxc6 10. Bd3 O-O 11. O-O Ng4 12. h3 Ne5 13. Qe2 f5 14. exf5 Qh4 15.
fxg6 Nf3+ 16. gxf3 Bxh3 17. gxh7+ Kh8 18. Qd2 Bd4 19. Ne2 Rg8+ 0-1

[Event "AUTO-MASTER-2890"]
[Site "http://www.queenalice.com/game.php?id=1589483"]
[Date "2019.11.8"]
[Round "1"]
[White "proficioadilson"]
[Black "cerenzo72"]
[Result "1-0"]
[WhiteElo "2066"]
[BlackElo "2246"]

1. d4 Nf6 2. c4 d6 3. Nf3 g6 4. Nc3 Bg7 5. e4 O-O 6. Be3 Bg4 7. h3 Bxf3 8. Qxf3
Nbd7 9. Rb1 c6 10. Bd3 e5 11. d5 cxd5 12. cxd5 Nc5 13. Be2 b6 14. b4 Nb7 15. Ba6
Qe7 16. Bg5 Nd8 17. Rc1 h6 18. Bh4 g5 19. Bg3 Nb7 20. O-O Rfd8 21. Nd1 Rab8 22.
Ne3 1-0

[Event "AUTO-MASTER-2890"]
[Site "http://www.queenalice.com/game.php?id=1589490"]
[Date "2019.11.8"]
[Round "1"]
[White "proficioadilson"]
[Black "CCapivara"]
[Result "1-0"]
[WhiteElo "1965"]
[BlackElo "2232"]

1. d4 d6 2. Nf3 Nf6 3. c4 c6 4. Nc3 Bg4 5. e4 Nbd7 6. Be2 e5 7. h3 Bh5 8. Be3
Be7 9. Qc2 O-O 10. O-O-O Qc7 11. g4 Bg6 12. Nh4 Rfc8 13. f4 exf4 14. Nxg6 hxg6
15. Bxf4 Qa5 16. Kb1 b5 17. e5 Ne8 18. h4 b4 19. Ne4 dxe5 20. dxe5 Nxe5 21. c5
f6 22. h5 g5 23. Nxg5 fxg5 24. Bxe5 Qxc5 25. Bc4+ Kh8 26. h6 Qxe5 27. hxg7+ Kxg7
28. Qh7+ 1-0

[Event "AUTO-MASTER-2890"]
[Site "http://www.queenalice.com/game.php?id=1589491"]
[Date "2019.11.8"]
[Round "1"]
[White "CCapivara"]
[Black "proficioadilson"]
[Result "0-1"]
[WhiteElo "2264"]
[BlackElo "1936"]

1. e4 c5 2. Nf3 e6 3. d4 cxd4 4. Nxd4 Nc6 5. a3 Bc5 6. Nb3 Bb6 7. Nc3 Nge7 8.
Bd3 O-O 9. O-O f5 10. Kh1 f4 11. f3 Ng6 12. Qe1 d6 13. Bd2 Bd7 14. Rd1 a6 15.
Ne2 Rc8 16. Bc3 Nge5 17. Nbd4 Nxd4 18. Nxd4 Nxd3 19. Rxd3 Rf6 20. Qh4 e5 21. Ne2
Qe8 22. h3 Rh6 23. Qe1 Bxh3 24. Rxd6 Be6+ 0-1

[Event "AUTO-MASTER-2890"]
[Site "http://www.queenalice.com/game.php?id=1596569"]
[Date "2020.1.18"]
[Round "2"]
[White "ratorei"]
[Black "proficioadilson"]
[Result "0-1"]
[WhiteElo "2126"]
[BlackElo "2120"]

1. e4 e6 2. d4 d5 3. Nc3 dxe4 4. Nxe4 Be7 5. Bd3 Nf6 6. Nf3 Nbd7 7. O-O c5 8. c3
cxd4 9. Nxd4 O-O 10. Bg5 Nxe4 11. Bxe7 Qxe7 12. Bxe4 Nf6 13. Bc2 b6 14. Qf3 Bb7
15. Qh3 Rad8 16. Rfe1 Qc5 17. Nf3 Qb5 18. Rab1 Bxf3 19. Qxf3 Rd2 20. Rec1 Qg5
21. Qe3 Qxe3 22. fxe3 Ng4 23. e4 Ne3 24. Bd1 Rxg2+ 25. Kh1 Rd8 26. Bf3 Rf2 0-1

[Event "AUTO-MASTER-2890"]
[Site "http://www.queenalice.com/game.php?id=1596570"]
[Date "2020.1.18"]
[Round "2"]
[White "proficioadilson"]
[Black "ratorei"]
[Result "1-0"]
[WhiteElo "2089"]
[BlackElo "2150"]

1. d4 Nf6 2. c4 d5 3. cxd5 Nxd5 4. Nf3 Bf5 5. Nbd2 Bg6 6. h4 f6 7. e4 Nf4 8. g3
Ne6 9. Qb3 Qc8 10. Bh3 Bf7 11. d5 1-0

[Event "AUTO-MASTER-2890"]
[Site "http://www.queenalice.com/game.php?id=1596571"]
[Date "2020.1.18"]
[Round "2"]
[White "Palmeiras"]
[Black "proficioadilson"]
[Result "1/2-1/2"]
[WhiteElo "2644"]
[BlackElo "2194"]

1. e4 e6 2. d4 d5 3. Nc3 Nf6 4. Bg5 Bb4 5. e5 h6 6. exf6 hxg5 7. fxg7 Rg8 8. a3
Be7 9. Qh5 Rxg7 10. h4 gxh4 11. Nf3 Nd7 12. O-O-O Rg8 13. Nxh4 c6 14. Nf3 Qc7
15. g3 Nf6 16. Qh6 Bd7 17. Ne5 O-O-O 18. Qd2 c5 19. Bb5 a6 20. Bxd7+ Nxd7 21.
Nxd7 Rxd7 22. Kb1 Kb8 23. Ne2 Qb6 24. Qf4+ Rc7 25. dxc5 Bxc5 26. Rd3 Bd6 27. Qf3
Be5 28. c3 Bd6 29. Ka2 Bc5 30. Rh2 Ka7 31. Rd2 Rd7 32. Nd4 Qc7 33. Rh5 Rdd8 34.
Rh7 Rd7 35. Qe2 e5 36. Nf5 Bb6 37. Rh6 Rc8 38. g4 d4 39. cxd4 exd4 1/2-1/2

[Event "AUTO-MASTER-2890"]
[Site "http://www.queenalice.com/game.php?id=1596572"]
[Date "2020.1.18"]
[Round "2"]
[White "proficioadilson"]
[Black "Palmeiras"]
[Result "1/2-1/2"]
[WhiteElo "2177"]
[BlackElo "2614"]

1. d4 Nf6 2. c4 e6 3. g3 c5 4. d5 exd5 5. cxd5 b5 6. Nf3 Bb7 7. e4 Nxe4 8. Bg2
Be7 9. O-O O-O 10. Re1 f5 11. Nc3 Nxc3 12. bxc3 d6 13. Rb1 a6 14. a4 Nd7 15. Bf4
Bc8 16. axb5 axb5 17. h4 h6 18. Qe2 Rf7 19. Qxb5 Nf6 20. Ra1 Rxa1 21. Rxa1 Nh5
22. Ra8 Nxf4 23. gxf4 Rf8 24. Qc6 Re8 25. Ra7 Bf6 26. h5 Re7 27. Ra8 Rc7 28. Qb5
Rb7 29. Qa4 Kh7 30. Bh3 g6 31. hxg6+ Kxg6 32. Kh2 1/2-1/2

[Event "AUTO-ADV-4258"]
[Site "http://www.queenalice.com/game.php?id=1602613"]
[Date "2020.3.15"]
[Round "2"]
[White "dazzeechain"]
[Black "proficioadilson"]
[Result "0-1"]
[WhiteElo "2049"]
[BlackElo "2141"]

1. e4 c5 2. Nf3 e6 3. d4 cxd4 4. Nxd4 Nc6 5. Nc3 Nf6 6. Bg5 Be7 7. Be2 Nxe4 8.
Bxe7 Nxc3 9. Bxd8 Nxd1 10. Nxc6 bxc6 11. Rxd1 Kxd8 12. O-O a5 13. Rd6 Ke7 14.
Rfd1 a4 15. R6d4 d5 16. b3 axb3 17. axb3 Ra2 18. R4d2 e5 19. h3 Bf5 20. c3 Rha8
21. g4 Bc2 22. Rc1 Bxb3 23. Rxa2 Rxa2 24. Bd1 Bxd1 25. Rxd1 Rc2 26. Rd3 f6 27.
Kg2 e4 28. Re3 c5 29. Kg3 Ke6 30. f3 Ke5 31. f4+ Ke6 32. h4 h5 33. gxh5 Kf5 34.
h6 gxh6 35. h5 c4 0-1

[Event "AUTO-ADV-4258"]
[Site "http://www.queenalice.com/game.php?id=1602614"]
[Date "2020.3.15"]
[Round "2"]
[White "proficioadilson"]
[Black "dazzeechain"]
[Result "1-0"]
[WhiteElo "2132"]
[BlackElo "2028"]

1. e4 c5 2. Nc3 d6 3. Nf3 Nc6 4. d4 cxd4 5. Nxd4 a6 6. Be3 Nf6 7. Be2 Bd7 8. O-O
Rc8 9. f4 g6 10. e5 dxe5 11. Nxc6 Bxc6 12. fxe5 Qxd1 13. Raxd1 Nd7 14. e6 fxe6
15. Bg4 Bg7 16. Bxe6 Rc7 17. Bf7+ Kd8 18. Bb6 Kc8 19. Bxc7 Kxc7 20. Bd5 Bxc3 21.
Bxc6 Kxc6 22. bxc3 Nc5 23. Rf7 e6 24. Rg7 b5 25. a3 a5 26. h4 Ne4 27. Re7 Nxc3
28. Rxe6+ Kc5 29. Re5+ Kc4 30. Rd7 a4 31. Rc7+ Kd4 32. Rec5 Nb1 33. Rxb5 Nxa3
34. Rb4+ 1-0

[Event "AUTO-ADV-4258"]
[Site "http://www.queenalice.com/game.php?id=1602617"]
[Date "2020.3.15"]
[Round "2"]
[White "proficioadilson"]
[Black "dadaspazzi"]
[Result "1/2-1/2"]
[WhiteElo "2146"]
[BlackElo "2030"]

1. e4 c5 2. Nc3 e6 3. Nf3 d6 4. d4 cxd4 5. Nxd4 Nf6 6. Be3 Be7 7. g4 d5 8. exd5
Nxd5 9. Bb5+ Nd7 10. Nxd5 exd5 11. Qd2 O-O 12. O-O-O Ne5 13. h3 a6 14. Bf1 Nc4
15. Qc3 Nxe3 16. Qxe3 Re8 17. Kb1 Bd7 18. Bg2 Bc6 19. h4 a5 20. a3 Bd6 21. Qb3
a4 22. Qd3 Rc8 23. g5 g6 24. Qd2 Qb6 25. Ka1 Qc7 26. h5 Bf4 27. Qd3 Bxg5 28.
hxg6 hxg6 29. Bh3 Bd7 30. c3 Bf6 31. Nb5 Bxb5 32. Qxb5 Rcd8 33. Rxd5 Qf4 34.
Rxd8 Rxd8 35. Bg2 Qxf2 36. Qxb7 Kg7 37. Bd5 Be5 38. Rb1 Rb8 39. Qe7 Qf6 40. Qc5
Qd6 41. Qc4 Qc7 42. Rf1 f5 43. Qe2 Rd8 44. Ba2 Rb8 1/2-1/2

[Event "AUTO-ADV-4258"]
[Site "http://www.queenalice.com/game.php?id=1602618"]
[Date "2020.3.15"]
[Round "2"]
[White "dadaspazzi"]
[Black "proficioadilson"]
[Result "1/2-1/2"]
[WhiteElo "2025"]
[BlackElo "2150"]

1. d4 e6 2. c4 Nf6 3. Nf3 d5 4. Nc3 Be7 5. Bf4 O-O 6. e3 Nbd7 7. cxd5 Nxd5 8.
Nxd5 exd5 9. Bd3 c5 10. O-O c4 11. Bc2 b5 12. e4 Nf6 13. e5 Ne8 14. Qd2 b4 15.
Rfe1 a5 16. Qe3 g6 17. Bh6 Ng7 18. Ng5 a4 19. h4 Ra6 20. Qf3 Qd7 21. b3 cxb3 22.
axb3 a3 23. Bd3 Rb6 24. Qe2 Qb7 25. Qd2 Rc6 26. h5 Qb6 27. Rec1 Rxc1+ 28. Rxc1
Bd7 29. Re1 Bxg5 30. Qxg5 Re8 31. Bxg7 Kxg7 32. Qf4 h6 33. hxg6 fxg6 34. Bb1 Rf8
35. Qd2 Ra8 36. Rc1 Rc8 37. Rxc8 Bxc8 38. Kh2 Be6 39. g3 Bg4 40. Kg2 Bd7 41. Qe3
Qe6 42. Qe1 Qe7 43. Qe2 Qe6 44. Qd2 1/2-1/2

[Event "AUTO-MASTER-2957"]
[Site "http://www.queenalice.com/game.php?id=1612552"]
[Date "2020.5.16"]
[Round "1"]
[White "proficioadilson"]
[Black "Rafale2000"]
[Result "1-0"]
[WhiteElo "2149"]
[BlackElo "1931"]

1. d4 Nf6 2. c4 c5 3. d5 b5 4. cxb5 a6 5. e3 g6 6. Nc3 Bg7 7. Be2 O-O 8. Nf3 d6
9. O-O axb5 10. Bxb5 Ba6 11. Bxa6 Nxa6 12. a4 Qa5 13. e4 Ng4 14. Bg5 Ne5 15.
Bxe7 Nxf3+ 16. Qxf3 Rfb8 17. Bxd6 Rxb2 18. e5 Rb3 19. e6 f6 20. e7 Qxc3 21. Qe4
Re8 22. Qe6+ Kh8 23. Qd7 1-0

[Event "AUTO-MASTER-2957"]
[Site "http://www.queenalice.com/game.php?id=1612553"]
[Date "2020.5.16"]
[Round "1"]
[White "Rafale2000"]
[Black "proficioadilson"]
[Result "0-1"]
[WhiteElo "1954"]
[BlackElo "2143"]

1. e4 c5 2. a3 g6 3. b4 Bg7 4. c3 d5 5. exd5 Qxd5 6. Bb2 Nf6 7. c4 Qf5 8. Qf3
Nc6 9. Qxf5 Bxf5 10. b5 Nd4 11. Bxd4 cxd4 12. d3 Nd7 13. Nd2 Nc5 14. Ra2 O-O 15.
Be2 a6 16. bxa6 Rxa6 17. Ne4 Bxe4 18. dxe4 d3 19. Bd1 Bc3+ 20. Kf1 Rb6 21. f3
Rb1 0-1

[Event "AUTO-MASTER-2957"]
[Site "http://www.queenalice.com/game.php?id=1612554"]
[Date "2020.5.16"]
[Round "1"]
[White "proficioadilson"]
[Black "chessman"]
[Result "1-0"]
[WhiteElo "2154"]
[BlackElo "2011"]

1. d4 d5 2. Nf3 e6 3. Bf4 c5 4. e3 Nc6 5. Be2 Nf6 6. O-O cxd4 7. exd4 Be7 8. c3
O-O 9. h3 a6 10. Nbd2 Re8 11. Bd3 Bd7 12. Ne5 Na7 13. Bc2 Rc8 14. Re1 b5 15. Re3
b4 16. cxb4 Bxb4 17. Rg3 Qe7 18. Bg5 Bb5 19. Qf3 Kh8 20. Bxf6 Qxf6 21. Qxf6 gxf6
22. Nxf7# 1-0

[Event "AUTO-MASTER-2957"]
[Site "http://www.queenalice.com/game.php?id=1612555"]
[Date "2020.5.16"]
[Round "1"]
[White "chessman"]
[Black "proficioadilson"]
[Result "0-1"]
[WhiteElo "1998"]
[BlackElo "2170"]

1. e4 c5 2. Nf3 e6 3. d4 cxd4 4. Nxd4 Nc6 5. Nc3 Nf6 6. Be2 Be7 7. O-O O-O 8.
Be3 d5 9. exd5 exd5 10. h3 Re8 11. Qd2 Bc5 12. a3 Bxd4 13. Bxd4 Bf5 14. Bf3 Nxd4
15. Qxd4 Bxc2 16. Rfc1 Be4 17. Bxe4 dxe4 18. Rd1 Qxd4 19. Rxd4 e3 20. fxe3 Rxe3
21. Rad1 Kf8 22. Kf2 Re6 23. Nd5 Rae8 24. Nxf6 Rxf6+ 25. Kg1 g6 26. Rd7 Re7 27.
b4 Rfe6 28. Rd8+ Kg7 29. Kh2 Re4 30. R1d3 h5 31. R8d7 Kf6 32. Rxe7 Kxe7 33. Rc3
Kd7 34. Rf3 Ke6 35. Kg1 b6 36. Kf2 a5 37. Re3 Rxe3 38. Kxe3 axb4 39. axb4 Kd5
40. Kd3 h4 41. Kc3 b5 42. Kd3 f5 43. Kc3 f4 44. Kd3 g5 45. Kc3 g4 46. hxg4 f3
47. gxf3 h3 48. g5 h2 0-1

[Event "AUTO-MASTER-2957"]
[Site "http://www.queenalice.com/game.php?id=1612556"]
[Date "2020.5.16"]
[Round "1"]
[White "proficioadilson"]
[Black "madriles"]
[Result "1-0"]
[WhiteElo "2188"]
[BlackElo "1995"]

1. d4 Nf6 2. c4 g6 3. f3 d6 4. e4 Bg7 5. Nc3 O-O 6. Nge2 e6 7. Bg5 Qe8 8. Qd2 e5
9. O-O-O Nc6 10. d5 Nb4 11. g4 a5 12. h4 Bd7 13. Ng3 a4 14. Nb5 Bxb5 15. cxb5
Nxa2+ 16. Kb1 a3 17. b3 c6 18. Kxa2 cxb5 19. h5 Qd7 20. hxg6 fxg6 21. Bh3 Qc7
22. Be3 Nd7 23. Rc1 Qa5 24. Qxa5 Rxa5 25. g5 b4 26. Bxd7 Rxf3 27. Be6+ Kh8 28.
Nf5 gxf5 29. Rc8+ 1-0

[Event "AUTO-MASTER-2957"]
[Site "http://www.queenalice.com/game.php?id=1612557"]
[Date "2020.5.16"]
[Round "1"]
[White "madriles"]
[Black "proficioadilson"]
[Result "0-1"]
[WhiteElo "2025"]
[BlackElo "2162"]

1. d4 Nf6 2. c4 e6 3. Bg5 c5 4. e3 Be7 5. Nc3 h6 6. Bh4 O-O 7. Qd3 cxd4 8. exd4
d5 9. O-O-O dxc4 10. Qxc4 a6 11. Nf3 b5 12. Qd3 Nbd7 13. h3 Bb7 14. Rg1 Rc8 15.
Kb1 b4 16. Ne2 Be4 0-1

[Event "AUTO-MASTER-2957"]
[Site "http://www.queenalice.com/game.php?id=1624701"]
[Date "2020.8.23"]
[Round "2"]
[White "aperturaf"]
[Black "proficioadilson"]
[Result "1-0"]
[WhiteElo "2412"]
[BlackElo "2221"]

1. e4 c5 2. Nf3 Nc6 3. d4 cxd4 4. Nxd4 Nf6 5. Nc3 e5 6. Ndb5 d6 7. Bg5 a6 8. Na3
Be6 9. Nc4 b5 10. Bxf6 Qxf6 11. Ne3 Qd8 12. a4 b4 13. Ncd5 g6 14. Bc4 Bh6 15.
Qd3 O-O 16. Bxa6 Rb8 17. O-O f5 18. exf5 gxf5 19. f4 Kh8 20. b3 Ne7 21. Bc4 1-0

[Event "AUTO-MASTER-2957"]
[Site "http://www.queenalice.com/game.php?id=1624702"]
[Date "2020.8.23"]
[Round "2"]
[White "proficioadilson"]
[Black "aperturaf"]
[Result "0-1"]
[WhiteElo "2215"]
[BlackElo "2416"]

1. d4 e6 2. e4 d5 3. Nd2 Nf6 4. Bd3 c5 5. e5 Nfd7 6. c3 cxd4 7. cxd4 Nc6 8. Ne2
Qb6 9. Nf3 Bb4+ 10. Bd2 Bxd2+ 11. Qxd2 O-O 12. Rc1 f6 13. exf6 Nxf6 14. O-O Bd7
15. Rc3 Rae8 16. Rb3 Qc7 17. Rc1 Qb8 18. Bb5 Ne4 19. Qe3 Qd6 20. Bd3 Re7 21.
Rxb7 Be8 0-1

[Event "AUTO-MASTER-2957"]
[Site "http://www.queenalice.com/game.php?id=1624705"]
[Date "2020.8.23"]
[Round "2"]
[White "proficioadilson"]
[Black "rmvwoods"]
[Result "1-0"]
[WhiteElo "2213"]
[BlackElo "2074"]

1. d4 Nf6 2. c4 g6 3. Nc3 Bg7 4. e4 d6 5. Nge2 O-O 6. h3 c5 7. d5 e6 8. Ng3 exd5
9. cxd5 Nbd7 10. Bd3 b6 11. O-O Ne5 12. Be2 a5 13. Bg5 Ba6 14. f4 Ned7 15. e5
dxe5 16. fxe5 Nxe5 17. Nge4 Bxe2 18. Qxe2 Ned7 19. Nxf6+ Nxf6 20. Qf3 b5 21.
Bxf6 Bxf6 22. Qxf6 b4 23. Na4 Qxf6 24. Rxf6 Rfd8 25. Rd1 Rac8 26. b3 c4 27. Nb6
cxb3 28. Nxc8 bxa2 29. Ne7+ Kg7 30. Rb6 Kf8 31. Nc6 Rxd5 32. Ra1 Rd2 33. Nxa5
Rb2 34. Kh2 Kg7 35. Nc4 Rc2 36. Rxb4 h5 37. Ra4 1-0

[Event "AUTO-MASTER-2957"]
[Site "http://www.queenalice.com/game.php?id=1624706"]
[Date "2020.8.23"]
[Round "2"]
[White "rmvwoods"]
[Black "proficioadilson"]
[Result "0-1"]
[WhiteElo "2087"]
[BlackElo "2205"]

1. Nf3 c5 2. g3 d5 3. Bg2 Nf6 4. O-O e6 5. d4 cxd4 6. Nxd4 e5 7. Nb3 Be7 8. Nc3
d4 9. Ne4 Nxe4 10. Bxe4 O-O 11. e3 dxe3 12. Bxe3 Qc7 13. Qd3 h6 14. Qe2 Be6 15.
Nd2 Nd7 16. b3 Rad8 17. f4 exf4 18. Bxf4 Qc8 19. c4 Nf6 20. Bg2 Rfe8 21. Kh1 Bf5
22. Nf3 Ba3 23. Ne5 Ng4 24. Qf3 Nxe5 25. Qxb7 Qxb7 26. Bxb7 Bh3 27. Rfe1 Bb2 28.
Rab1 Bc3 29. Red1 Nd3 30. Rxd3 Rxd3 31. Bd5 Rxd5 32. cxd5 Bd4 0-1